| Поле | Инд. | ПП | Название | Значение |
|---|---|---|---|---|
| Тип записи | a | |||
| Библиографический уровень | m | |||
| 001 | Контрольный номер | RU/IS/BASE/668684654 | ||
| 005 | Дата корректировки | 20240529163301.5 | ||
| 020 | c | Цена, тираж | 180-00 | |
| 040 | b | Код языка каталог. | rus | |
| e | Правила каталог. | PSBO | ||
| 041 | 0_ | a | Код языка текста | rus |
| 084 | a | Индекс другой классификации/Индекс ББК | 26.89(2Рос-4Крн) | |
| 090 | a | Полочн. индекс | К 26.89(2Рос-4Крн) | |
| c | Каталожный индекс | К 26.89(2Рос-4Крн) | ||
| x | Авторский знак | Н 45 | ||
| 091 | i | Возрастная адресация (DOS) | 12+ | |
| 097 | b | Оператор | ; Сунагатуллина; Мухаметчикова | |
| 245 | 10 | a | Заглавие | Неизвестный Норильск |
| b | Продолж. заглавия | альманах : спецвыпуск : 2020 : [12+] | ||
| c | Ответственность | главный редактор Л. Стрючкова ; художественный редактор С. Стрючков ; корректор Е. Островская | ||
| n | Номер части/ раздела | № 12 | ||
| p | Название части/ раздела | Путешествия по Таймыру | ||
| 260 | a | Место издания | Норильск | |
| b | Издательство | АПЕКС | ||
| c | Дата издания | 2020 | ||
| 300 | a | Объем | 21 с. | |
| b | Иллюстрации/ тип воспроизводства | ил. | ||
| 653 | a | Ключевые слова | олень северный; кочевой быт; Север птицы; кордон "Озеро Собачье" экотропы; Таймыр путевые заметки | |
| 901 | t | Тип документа | m |